| 000 | 00597cam a2200193 a 4500 | ||
|---|---|---|---|
| 001 | 17179355 | ||
| 005 | 20241029162908.0 | ||
| 008 | 120224m20119999gh 000 0 eng | ||
| 020 |
_a9988758650 _qHardcover |
||
| 050 | 0 | 0 |
_aKRX3520 _b.B76 2011 |
| 100 | 1 | _aBrobbey, S. A. | |
| 245 | 1 | 0 |
_aPractice and procedure in the trial courts & tribunals of Ghana / _cS.A. Brobbey. |
| 250 | _a2nd ed. | ||
| 260 |
_aAccra, Ghana : _bAdvanced Legal Publications, _c2011- |
||
| 300 |
_alxxxvii, 733 pages _c23 cm. |
||
| 650 | 0 |
_aProcedure (Law) _zGhana. |
|
| 650 | 0 |
_aCourts _zGhana. |
|
| 942 |
_2lcc _cBK _e2nd Ed. _n0 |
||
| 999 |
_c347 _d347 |
||